00565nam a2200157Ia 4500008004100000100001500041245008900056245004300145260005900188260000900247650001800256650001500274856002600289999001900315952007300334170221s9999 xx 000 0 und d aParul Jain aFrom One Medium to Another: Continuing the Narrative World on Twitter and Facebook  cParul Jain, Amanda Weed, Pamela Walck. bOnline Journal of Communication and Media Technologies c2014 xCommunication xMedia Arts uhttp://www.ojcmt.net/ c310613d310613 001040aCLbCLd2017-02-21l0r2017-02-21 00:00:00w2017-02-21yFOJ